000 00633nam a22002297a 4500
001 29333
003 UA-OsUOA
005 20220701231914.0
007 ta
008 20041007b un ||||| |||| 00| 0 ukr d
040 _aUA-OsUOA
_brus
_cUA-OsUOA
_dUA-OsUOA
041 _arus
044 _aRU
080 _a808.1
090 _a808.1
_bО-13
245 _aОб ораторском искусстве
_cсост. А. Толмачев
260 _bГосударственное издательство Политической литературы
_c1959
300 _a343 с.
650 7 _2UDC
942 _cBK
_2udc
955 _a0
999 _c315719
_d315719